00340nam a2200145Ia 45000030006000000050017000060080041000230400009000640410012000730820018000851000030001032450033001332600020001663000008001860Nust20170105110257.0161124s9999 xx 000 0 und d cIGIS aEnglish a912.7563bBUK aSyed Siad Badshah Bukhari aLand cover Atlas of Pakistan aphot copyc2012 a226